| Tag |
First Indicator |
Second Indicator |
Subfields |
| LEADER |
00000cam a2200000Ia 4500 |
| 001 |
in00002547621 |
| 005 |
20210727090226.0 |
| 006 |
m d |
| 007 |
cr cn| |
| 008 |
090824s2009 gw a sb 000 0 eng d |
| 020 |
|
|
|a 3642020593
|
| 020 |
|
|
|a 9783642020599
|
| 028 |
0 |
0 |
|a Best.-Nr. 12658091
|
| 035 |
|
|
|a (OCoLC)432709483
|
| 035 |
|
|
|a (OCoLC)ocn432709483
|
| 035 |
|
|
|a 3649744
|
| 037 |
|
|
|a 978-3-642-02058-2
|b Springer
|n http://www.springerlink.com
|
| 040 |
|
|
|a GW5XE
|b eng
|c GW5XE
|d UtOrBLW
|
| 049 |
|
|
|a TXAC
|
| 050 |
1 |
4 |
|a QA76.76.D47
|b T73 2009
|
| 082 |
0 |
4 |
|a 005.1
|2 22
|
| 245 |
0 |
0 |
|a Transactions on aspect-oriented software development V /
|c Awais Rashid, Harold Ossher (eds.).
|
| 264 |
|
1 |
|a Berlin ;
|a New York :
|b Springer,
|c [2009]
|
| 264 |
|
4 |
|c ©2009
|
| 300 |
|
|
|a viii, 263 pages :
|b illustrations
|
| 336 |
|
|
|a text
|b txt
|2 rdacontent
|
| 337 |
|
|
|a computer
|b c
|2 rdamedia
|
| 338 |
|
|
|a online resource
|b cr
|2 rdacarrier
|
| 490 |
1 |
|
|a Lecture notes in computer science,
|x 0302-9743 ;
|v 5490
|
| 500 |
|
|
|a Electronic resource.
|
| 504 |
|
|
|a Includes bibliographical references.
|
| 533 |
|
|
|a Electronic reproduction.
|b New York :
|c Springer,
|d 2009.
|n Mode of access: World Wide Web.
|n System requirements: Web browser.
|n Title from title screen (viewed on Aug. 7, 2009).
|n Access may be restricted to users at subscribing institutions.
|
| 650 |
|
0 |
|a Aspect-oriented programming.
|0 http://id.loc.gov/authorities/subjects/sh2005004988
|
| 650 |
|
0 |
|a Computer software
|x Development.
|0 http://id.loc.gov/authorities/subjects/sh85029535
|
| 655 |
|
7 |
|a Electronic books.
|2 local
|
| 700 |
1 |
|
|a Ossher, Harold.
|0 http://id.loc.gov/authorities/names/nb2009020856
|
| 700 |
1 |
|
|a Rashid, Awais.
|0 http://id.loc.gov/authorities/names/n2002161080
|
| 710 |
2 |
|
|a SpringerLink (Online service)
|0 http://id.loc.gov/authorities/names/no2005046756
|
| 776 |
1 |
|
|c Original
|z 9783642020582
|z 3642020585
|w (OCoLC)416450422
|
| 830 |
|
0 |
|a Lecture notes in computer science ;
|v 5490.
|0 http://id.loc.gov/authorities/names/n42015162
|
| 856 |
4 |
0 |
|u http://proxy.library.tamu.edu/login?url=https://dx.doi.org/10.1007/978-3-642-02059-9
|z Connect to the full text of this electronic book
|t 0
|
| 994 |
|
|
|a 92
|b TXA
|
| 999 |
|
|
|a MARS
|
| 999 |
f |
f |
|s 64963078-373d-3812-8288-ba79f8572185
|i b67511ae-b7e5-3b6b-9f21-c9c7f878e3a9
|t 0
|
| 952 |
f |
f |
|a Texas A&M University
|b College Station
|c Electronic Resources
|d Available Online
|t 0
|e QA76.76.D47 T73 2009
|h Library of Congress classification
|
| 998 |
f |
f |
|a QA76.76.D47 T73 2009
|t 0
|l Available Online
|